"Mutti Merkel" začína byť horúco
Politická scéna v kľúčovej krajine Európskej únie sa rozhýbala a množia sa náznaky, že éra "železnej kancelárky" Angely Merkelovej sa schyľuje ku koncu. Sociálna demokracia (SPD) zintenzívnila politický zápas. SPD predbehla po 10 rokoch Merkelovej blok kresťanských demokratov (CDU) a kresťanských so...
Saved in:
| Main Author: | |
|---|---|
| Format: | Book Chapter |
| Language: | Slovak |
| Subjects: | |
| Tags: |
No Tags, Be the first to tag this record!
|
MARC
| LEADER | 00000naa a2200000 4500 | ||
|---|---|---|---|
| 001 | 0227582 | ||
| 005 | 20221104112658.8 | ||
| 041 | 0 | |a slo | |
| 044 | |a SK | ||
| 245 | 1 | 0 | |a "Mutti Merkel" začína byť horúco |c Adrian Peter Pressburg |
| 520 | |a Politická scéna v kľúčovej krajine Európskej únie sa rozhýbala a množia sa náznaky, že éra "železnej kancelárky" Angely Merkelovej sa schyľuje ku koncu. Sociálna demokracia (SPD) zintenzívnila politický zápas. SPD predbehla po 10 rokoch Merkelovej blok kresťanských demokratov (CDU) a kresťanských socialistov (CSU). V čom kancelárka zlyhávala. | ||
| 610 | 2 | 0 | |a politika |
| 610 | 2 | 0 | |a strany politické |
| 610 | 2 | 0 | |a voľby |
| 610 | 2 | 0 | |a migrácia |
| 610 | 2 | 0 | |a Nemecko |
| 100 | 1 | |a Pressburg, Adrian Peter | |